MARC

LEADER 00000nab a2200000 a 4500
001 vtls010324417
003 SK-MaSNL
005 20260318121912.0
008 111116c2011 xo mr p 000 c0ukr
015 |a SNBRB2011/11 
038 |a SVKPOCL 
040 |a SVKPOCL  |b slo  |c SVKPOCL  |e AACR2 
041 0 |a ukr 
044 |a xo  |c SK 
080 |a 316.022.4(=161.2)(=161.25)(437.6)  |2 2001 
080 |a 394.2:398  |2 2001 
080 |a 398  |2 2001 
245 0 0 |a Riznobarvne svjato 
300 |b Fotorgr. 
610 2 7 |a Múzeum ukrajinskej kultúry (Svidník, Slovensko)  |2 svkpocl  |9 33119 
611 2 7 |a Slávnosti kultúry Rusínov-Ukrajincov Slovenska  |n (57. :  |d 2011 :  |c Svidník, Slovensko)  |2 svkpocl  |9 1086032 
611 2 7 |a Krasnobrodský jarmok  |g folklórny program  |d (2011 :  |c Svidník, Slovensko)  |2 svkpocl  |9 1588281 
648 7 |a 17.-19.6.2011  |2 svkpocl  |9 1588282 
650 0 7 |a Rusíni-Ukrajinci  |z Slovensko  |2 svkpocl  |9 905804 
650 0 7 |a folklórne festivaly  |2 svkpocl  |9 29324 
650 0 7 |a sprievodné akcie  |2 svkpocl  |9 1060208 
651 7 |a Svidník (Slovensko)  |2 svkpocl  |9 28309 
651 7 |a Krásny Brod (Slovensko)  |2 svkpocl  |9 23793 
651 7 |a Medzilaborce (Slovensko : okres)  |2 svkpocl  |9 29394 
773 0 |t Veselka  |g Rič. [63], č. 1 (2011/2012), s. 6  |x 1337-6314 
852 |a SVKPO  |b KIS3GCP 
856 4 1 |u www.rusini-ukrajinci.tym.sk 
958 |a UK 
958 |a LX 
958 |a RN 
958 |a SK 
999 |c 3255201  |d 3257131